| 000 | 02782nam0a22003731 4500 | ||
|---|---|---|---|
| 001 | v19\rc\2106504 | ||
| 005 | 20260408075828.0 | ||
| 035 | _a(NLR Aleph) 005179126 | ||
| 090 |
_a5121184 _c5121184 |
||
| 100 | _a20090914d1825 |||y0rusy50 ca | ||
| 101 | 0 | _arus | |
| 102 | _aRU | ||
| 135 | _acrcn 024anaba | ||
| 140 | _az y eda yaa0000 | ||
| 200 | 1 |
_aПоложение о количестве материалов, какое назначать должно при составлении смет на постройку домов. _eРассмотрено в Комитете г. г. министров в заседание 13-го декабря 1824 года, и высочайше утверждено 15-го генваря 1825 года |
|
| 210 |
_aС.Петербург _cпечатано в типографии Штаба военных поселений _d1825 |
||
| 215 |
_a[6], 103, [1] с., [3] л. черт. _d4° |
||
| 316 |
_aЭкз. РНБ (18.123.7.39) в сост. картон. пер., оклеен. мрамор. бумагой, с кожан. корешком и уголками. Обрез крапчатый синий. На корешке блинтовое тиснение с позолотой, черная кожан. наклейка с вытисн. золотом загл. и бумаж. наклейка. На нижней крышке пер. экслибрис ГПБ с шифром. На форзаце ярлык с шифром РНБ и рукоп. надпись библиогр. характера. На тит. л., с.33, [1] 2-го ряда и на обороте каждого л. черт. круглый штамп ГПБ. Размер: 25,0х20,5х1,7 см _5NLR: 18.123.7.39 |
||
| 325 | _aКопия доступна в Электрон. б-ке РНБ | ||
| 620 | _aСанкт-Петербург | ||
| 712 | 0 | 1 |
_aРоссия _bКомитет министров _3RU\NLR\AUTH\8810082470 _9667100 |
| 712 | 0 | 1 |
_4610 _aРоссия _bШтаб военных поселений _bТипография _9789988 _3RU\NLR\AUTH\880561394 |
| 801 | 0 |
_aRU _bNLR _gpsbo |
|
| 801 | 1 |
_aRU _bProSoft-M _2rusmarc |
|
| 852 |
_aNLR _j18.123.7.39 |
||
| 852 |
_aNLR _j127/105 |
||
| 942 | _cBOOK | ||
| 980 | _aNB | ||
| 981 | 2 | 2 |
_a(22) Материалы по истории России _b(22) История России до 25 октября (7 ноября) 1917 года |
| 981 | 2 | 0 |
_a(20) Книжные памятники РНБ _b(20) Русский книжный фонд |